|
|
|
|
| LEADER |
00919nab a2200229 i 4500 |
| 001 |
acta70637 |
| 005 |
20230327144333.0 |
| 008 |
201126s2019 hu o 0|| hun d |
| 022 |
|
|
|a 2063-2525
|
| 040 |
|
|
|a SZTE Egyetemi Kiadványok Repozitórium
|b hun
|
| 041 |
|
|
|a hun
|
| 100 |
1 |
|
|a Képes György
|
| 245 |
1 |
2 |
|a A magyar dohánypiaci szabályozás története az osztrák-magyar kiegyezés fényében
|h [elektronikus dokumentum] /
|c Képes György
|
| 260 |
|
|
|c 2019
|
| 300 |
|
|
|a 57-83
|
| 490 |
0 |
|
|a Acta Universitatis Szegediensis : forum : acta juridica et politica
|v 9 No. 1
|
| 650 |
|
4 |
|a Társadalomtudományok
|
| 650 |
|
4 |
|a Jogtudomány
|
| 650 |
|
4 |
|a Bölcsészettudományok
|
| 650 |
|
4 |
|a Történettudomány és régészet
|
| 695 |
|
|
|a Dohánypiac - Magyarország - 19. sz., Jogtörténet - Magyarország - 19. sz.
|
| 856 |
4 |
0 |
|u http://acta.bibl.u-szeged.hu/70637/1/juridpol_forum_009_001_057-083.pdf
|z Dokumentum-elérés
|